00000000nam 2200000za 4500
0019.864945
003CaOODSP
00520221107161659
007cr |||||||||||
008181120s2018    onc    #o    f|0| 0 eng d
040 |aCaOODSP|beng
043 |an-cn---
0861 |aXC16-1/1-421-53E-PDF
1101 |aCanada. |bParliament. |bHouse of Commons. |bStanding Committee on Public Accounts.
24510|aReport 1, Building and implementing the Phoenix pay system, of the 2018 Spring reports of the Auditor General of Canada |h[electronic resource] / |cHon. Kevin Sorenson, chair.
24630|aBuilding and implementing the Phoenix pay system, of the 2018 Spring reports of the Auditor General of Canada
260 |a[Ottawa] : |bHouse of Commons, |c2018.
300 |av, 25 p.
4901 |aReport of the Standing Committee on Public Accounts ; |v53nd report, 42nd Parliament, 1st session
500 |aIssued also in French under title: Rapport 1, La création et le déploiement du système de paye Phénix, des rapports du printemps 2018 du vérificateur general du Canada.
500 |a"November 2018."
500 |aOriginal published on 2018/11/19; published on 2018/11/20.
504 |aIncludes bibliographic references.
520 |a"The OAG’s 2017 fall performance audit of Phoenix pay problems found that, as of June 2017, there were 494,500 outstanding pay requests. Pay errors totalled $520 million in overpayments or underpayments"--Introduction, p. 2.
69207|2gccst|aFederal government
69207|2gccst|aAudit
69207|2gccst|aSalaries
7001 |aSorenson, Kevin.
77508|tRapport 1, La création et le déploiement du système de paye Phénix, des rapports du printemps 2018 du vérificateur général du Canada |w(CaOODSP)9.864947
830#0|aReport of the Standing Committee on Public Accounts ;|v53nd report, 42nd Parliament, 1st session.|w(CaOODSP)9.505304
85640|qPDF|s4.02 MB|uhttps://publications.gc.ca/collections/collection_2018/parl/xc16-1/XC16-1-1-421-53-eng.pdf